Responses for Show #6370 - Friday, May 4, 2012

2012 Teen Tournament quarterfinal game 5.

Contestants

[<< previous game]

Rob Schrader, a junior from Lexington, Kentucky

Gabriela Gonzales, a senior from Winston-Salem, North Carolina

Evan Eschliman, a sophomore from Olathe, Kansas

[next game >>]

Jeopardy! Round responses

MICHELLE OBAMA'S AMERICAN GROWN
(Alex: All the clues will be given by the First Lady.)
HOW MANY YEARS?
HISTORY
NICE "AB"s
(Alex: Each correct response will begin with those 2 letters of the alphabet.)
TEAM NICKNAMES BY CITY
KNOW YOUR STATE BORDERS!
    $200 21
my plate

Evan
    $200 26
300

Rob
    $200 11
the Bastille

Evan
    $200 1
abdicate

Evan
    $200 16
[Alex reads "MLB" in the clue as "Major League Baseball".]

the Padres

Rob
    $200 6
Wisconsin

Evan
    $400 22
lunch

Evan
    $400 27
2

Gabriela
    $400 12
the Boston Tea Party

Gabriela
    $400 2
an abscess

Evan
    $400 17
the Chiefs

Evan
    $2,400 7
North Dakota

Evan
    $600 23
(Evan: What is the Department of Education?)
(Rob: What is the FDA?)

the Department of Agriculture

EvanGabrielaRob
    $600 28
1,000

Gabriela
    $600 13
the Santa Maria

Rob
    $600 3
an about face

Evan
    $600 18
the Thunder

Evan
    $600 8
(Rob: What is Pennsylvania?)

Maryland

GabrielaRob
    $800 24
a sweet potato

Gabriela
    $800 29
500

Gabriela
    $800 14
the Boxer Rebellion

Evan
    $800 4
(Alex: [*] poverty, right.)

abject

Gabriela
    $800 19
[Alex reads "MLS" in the clue as "Major League Soccer".]

the Galaxy

Rob
    $800 9
(Evan: What is Nevada?)
[Originally ruled incorrect, reversed during interviews at first break because "there's a little part of Arizona that, uh, touches on a state other than Utah".]

Utah (Nevada accepted)

EvanRob
    $1000 25
Prince Charles

Evan
    $1000 30
(Evan: What is 50?)

150

Evan
Triple Stumper
    $1000 15
King John I

Evan
    $1000 5
an abridgment (or an abstract)

Evan
    $1000 20
[Alex reads "NHL" in the clue as "National Hockey League".]

the Canucks

Rob
    $1000 10
(Rob: What is Oregon?)

Idaho

GabrielaRob

Scores at the first commercial break (after clue 15):

Evan Gabriela Rob
$7,600 $2,800 -$200

Scores at the end of the Jeopardy! Round:

Evan Gabriela Rob
$8,600 $6,000 $1,400

Double Jeopardy! Round responses

BODY PARTS EN ESPAÑOL
CROSSWORD CLUES "Q"
ACTION & INACTION MOVIES
BIBLICAL PEOPLE
ALL WE NEED IS A TITLE
AT THE MALL
    $400 26
hand

Evan
    $400 11
a quiz

Rob
    $400 1
(Evan: What is The Muppet Movie?)
(Alex: Yes. No. Sorry.)

The Muppets

EvanRob
    $400 6
Moses

Gabriela
    $400 16
Pride and Prejudice

Rob
    $400 21
Vans

Rob
    $800 27
tooth

Evan
    $800 12
a quest

Evan
    $800 2
Ghost Rider

Rob
    $800 7
Matthew

Rob
    $800 17
The Count of Monte Cristo

Rob
    $800 22
Hollister

Gabriela
    $1200 28
tongue

Gabriela
    $1200 13
a quotient

Rob
    $1200 3
WALL-E

Evan
    $1200 8
Joseph

Gabriela
    $1200 18
The Sun Also Rises

Gabriela
    $1200 23
Panda Express

Rob
    $1600 29
nose

Gabriela
    $1600 14
a quark

Rob
    $1600 4
(Evan: What is Incredible Journey?)

Journey

EvanRob
    $2,200 9
David

Gabriela
    $1600 19
The Mayor of Casterbridge

Triple Stumper
    $2,000 24
(Rob: What is Hallmark?)

Papyrus

Rob
    $2000 30
heart

Gabriela
    $2000 15
a quickstep

Evan
    $2000 5
Chronicle

Rob
    $2000 10
John the Baptist

Gabriela
    $2000 20
Cry, the Beloved Country

Evan
    $2000 25
Russe

Gabriela

Scores at the end of the Double Jeopardy! Round:

Evan Gabriela Rob
$13,800 $20,600 $11,000

Final Jeopardy! Round responses

THE AMERICAN REVOLUTION
(Alex: [To Gabriela] That leaves you with $12,600, and what that means is that, for the first time in many, many years, we have a tie in a tournament, and that means we're gonna have to go to a tiebreaker clue, but we are ready for that. The rule is very simple. You have to be the first one to ring in with a correct response. You cannot win by default. Pick up your signaling devices.)
RobWho was Hamilton?
$11,000
EvanWho is Alexander Hamilton?
$1,200
GabrielaWho Alexander Hamilton?
$8,000
Benedict Arnold

Tiebreaker Round responses

LITERARY CHARACTERS
(Alex: [*] is right, and you are going to be a semifinalist. Congratulations. Well done, young man. The only sophomore. Or is he? Here are your opponents, the other semifinalists who won the games.)
(Eliza: Eliza Scruton--Louisville, Kentucky.)
(Ben: Ben Greenho--Plano, Texas.)
(Elyse: Elyse Mancuso--Omaha, Nebraska.)
(Kevin: Kevin Yang--Birmingham, Alabama.)
(Alex: And now those all-important four wildcard spots for the high scorers among non-winners.)
(Catherine: Catherine Briley--Grand Prairie, Louisiana.)
(Anshika: Anshika Niraj--Beachwood, Ohio.)
(Rose: Rose Schaefer--Portland, Oregon.)
(Krishma: Krishna Bharathala--Fremont, California.)
(Alex: All of us will be back with you, but in Washington, D.C., at Constitution hall on Monday. Please join us then. So long, everybody.)

Big Brother

Evan

Final scores:

Evan Gabriela Rob
$12,600 $12,600 $0
Automatic semifinalist 2nd place: $5,000 if eliminated 3rd place: $5,000 if eliminated

Game dynamics:

Coryat scores:

Evan Gabriela Rob
$11,800 $20,000 $13,000
21 R
(including 1 DD),
4 W
19 R
(including 1 DD),
0 W
18 R,
4 W
(including 1 DD)

Combined Coryat: $44,800

[game clues] [game scores] [suggest correction]

Game tape date: 2012-02-21
The J! Archive is created by fans, for fans. Scraping, republication, monetization, and malicious use prohibited; this site may use cookies and collect identifying information. See terms. The Jeopardy! game show and all elements thereof, including but not limited to copyright and trademark thereto, are the property of Jeopardy Productions, Inc. and are protected under law. This website is not affiliated with, sponsored by, or operated by Jeopardy Productions, Inc. Join the discussion at JBoard.tv.